| 000 | 00552nam a2200193Ia 4500 | ||
|---|---|---|---|
| 001 | 14793 | ||
| 003 | GE_BSU | ||
| 008 | 181216s||||||||xx |||||||||||||| ||und|| | ||
| 040 | _cGE_BSU | ||
| 080 | _a512(075.3) | ||
| 100 | _aАшкинузе,В. Г. Шоластер,Н. Н. | ||
| 245 | _aАлгебра и элементарные функции | ||
| 260 | _aМосква | ||
| 260 | _bПросвещение | ||
| 260 | _c1964 | ||
| 300 | _a542стр.22см. | ||
| 653 | _aАлгебра и элементарные функции | ||
| 942 | _cBK | ||
| 999 |
_c47916 _d47916 |
||